Turkismus und Gegenreformation

Titel: Turkismus und Gegenreformation : Die Osmanen und die konfessionellen Konflikte im Ungarn der 1670er Jahre / Béla Vilmos Mihalik
Verfasser:
In: Osmanischer Orient und Ostmitteleuropa, (2014), Seite 321-336
alle Artikel anzeigen
Veröffentlicht: 2014
Format: Aufsatz
Sprache: Englisch
Schlagworte:
Kein Bild verfügbar
X
alg: 42409330
001A    $03025:20-12-17 
001B    $01999:17-12-24 $t22:57:53.000 
001C    $03025:20-12-17 $t12:17:35.000 
001D    $03025:20-12-17 
001U    $0utf8 
001X    $00 
002@    $0Aou 
002C    $aText $btxt $2rdacontent 
002D    $aohne Hilfsmittel zu benutzen $bn $2rdamedia 
002E    $aBand $bnc $2rdacarrier 
003@    $0424093308 
007A    $0424093308 $aHEB 
010@    $aeng 
010E    $erda 
011@    $a2014 
021A    $aTurkismus und Gegenreformation $dDie Osmanen und die konfessionellen Konflikte im Ungarn der 1670er Jahre $hBéla Vilmos Mihalik 
028A    $BVerfasser $#Mihalik, Béla $4aut $71031970142 $8Mihalik, Béla Vilmos$Z1984- [Tp3] $9318615002 
031A    $h321-336 $j2014 
039B    $aEnthalten in $8--Aau--. Osmanischer Orient und Ostmitteleuropa. - Stuttgart : Steiner, 2014. - 336 Seiten. - Illustrationen, Karten. - ISBN 3-515-10848-3 $x201400000000000679 $9348926014 
044K    $RTürkei $#Osmanisches Reich $#Osmanisches Reich $#Ottomanisches Reich $#Empire Ottoman $#Daulat-i ʿAlīya-i ʿUṯmānīya $#Devlet-i Aliye Osmaniye $#Hohe Pforte $#Staat Pforte $#Bâb-ı Âlî $#Sublime Porte $#Bâb-ı Âsafî $#Hükumet Kapısı $#Vysokaja Porta $#Blistatelʾnaja Porta $#Paşa Kapısı $#Ottomannische Pforte $#Othōmanikē Autokratoria $#Osmanlı İmperatorluğu $74075720-1 $8Osmanisches Reich [Tg1] $9085214280 
044K    $RÖsterreich-Ungarn $#Ungarn $#Ungarn $#Ungarische Räterepublik $#Königreich Ungarn $#Die @Länder der ungarischen Krone $#Transleithanien $#Magyarország $#Magyar Köztársaság $#Magyar Tanácsköztársaság $#Government of the Hungarian Republic $#Zemalja Ugarske Krune $#VNR $#Ungern $#Ungarische Republik $#Republik Ungarn $#Ungarische Volksrepublik $#Volksrepublik Ungarn $#Magyar Népköztársaság $#Hungary $#Hungarian Republic $#Hongrie $#Vengerskaja Narodnaja Respublika $#Hungarian People's Republic $#HPR Hungarian People's Republic $#République Populaire Hongroise $#Ungarische VR $#Republic of Hungary $#Vengrija $74078541-5 $8Ungarn [Tgz] $9085222712 
044K    $RKonflikt $#Church controversies $#Controverses religieuses $#religiöser Konflikt $#Religionskonflikt $#Religionsstreit $74402771-0 $8Religiöser Konflikt [Ts1] $908854107X 
045R    $aGeschichte 1670-1680 

lok: 42409330 78

exp: 42409330 78 1 #EPN
201B/01 $020-12-17 $t12:16:59.000 
201C/01 $020-12-17 
201U/01 $0utf8 
203@/01 $01013092953 
208@/01 $a20-12-17 $be 
209A/01 $a/ $f000 $x00 
209A/01 $ab*p $x01 
220C/01 $apgar 
244Z/01 $#Ungarn $#Ungarn $#Ungarische Räterepublik $#Königreich Ungarn $#Die @Länder der ungarischen Krone $#Transleithanien $#Magyarország $#Magyar Köztársaság $#Magyar Tanácsköztársaság $#Government of the Hungarian Republic $#Zemalja Ugarske Krune $#VNR $#Ungern $#Ungarische Republik $#Republik Ungarn $#Ungarische Volksrepublik $#Volksrepublik Ungarn $#Magyar Népköztársaság $#Hungary $#Hungarian Republic $#Hongrie $#Vengerskaja Narodnaja Respublika $#Hungarian People's Republic $#HPR Hungarian People's Republic $#République Populaire Hongroise $#Ungarische VR $#Republic of Hungary $#Vengrija $74078541-5 $8--Tgz--Ungarn $x01 $9085222712 
247C/01 $82080>Marburg/Lahn, Herder-Institut, Forschungsbibliothek, Bibliographieportal $9336309341
LEADER 00000caa a2200000 c 4500
001 424093308
003 DE-603
005 20241217225753.0
007 tu
008 171220s2014 xx |||| | u00||u|eng c
035 |a (DE-599)HEB424093308 
040 |a DE-603  |b ger  |c DE-603  |d DE-603  |e rda 
041 |a eng 
100 1 |a Mihalik, Béla Vilmos  |d 1984-  |e Verfasser  |4 aut  |0 (DE-603)318615002  |0 (DE-588)1031970142  |2 gnd 
245 0 0 |a Turkismus und Gegenreformation  |b Die Osmanen und die konfessionellen Konflikte im Ungarn der 1670er Jahre  |c Béla Vilmos Mihalik 
264 0 |c 2014 
336 |a Text  |b txt  |2 rdacontent 
337 |a ohne Hilfsmittel zu benutzen  |b n  |2 rdamedia 
338 |a Band  |b nc  |2 rdacarrier 
648 7 |a Geschichte 1670-1680  |2 gnd 
650 7 |a Religiöser Konflikt  |0 (DE-588)4402771-0  |0 (DE-603)08854107X  |2 gnd 
651 7 |a Osmanisches Reich  |0 (DE-588)4075720-1  |0 (DE-603)085214280  |2 gnd 
651 7 |a Ungarn  |0 (DE-588)4078541-5  |0 (DE-603)085222712  |2 gnd 
773 0 8 |i Enthalten in  |t Osmanischer Orient und Ostmitteleuropa  |d Stuttgart : Steiner, 2014  |h 336 Seiten, Illustrationen, Karten  |z 3515108483  |z 9783515108485  |g (2014), Seite 321-336  |w (DE-603)348926014 
924 0 |9 2080  |a (DE-603)1013092953  |b DE-2080  |c HES  |d d  |g /